00910nam a22002177a 450000500170000001000150001702000260003203500140005803700090007208200110008110000280009224500800012025000060020026000670020627001630027330000210043670000370045794200220049499900190051695201570053520260518103118.0 aENG-148493 a9789371369312c785.00 aEN-132025 bDBAD a90024 aSubhangini Priya982812 aNTA UGC 2026 NET SET JRF:bHistory/cSubhangini Priya [and] Abhishek Mishra a4 aUttar pradeshbPearson India Education Service Pvt. Ltd.c2026 a15th Floor, Tower -B, World Trade Tower, PLot No.1, Block-C, Sector 16, NoidabNoida (Uttar pradesh)e201301k044-66540100mcompanysecretary.india@pearson.com avpp. :c25cm(pb) aMishra, Abhishek eAuthor982811 2ddccENh900mSUB c216228d216228 001040718NFICaDBADbDBADd2026-05-18eDelivery of Books Act Divisiong785.00l0o900 SUBpEN-132025r2026-05-18 10:32:13t 1v785.00w2026-05-18yEN